000 00353nam a2200133Ia 4500
008 220204s9999 xx 000 0 und d
082 _a631.3(5-13)
_bIMP
245 0 _aImproved equipment for the farm people of the SAARC region
260 _aBangladesh
490 _a1996
650 _aAgricultural machinery
650 _aFarm equipment
942 _cBK
999 _c43927
_d43927